| 000 | 00555cam a2200205 a 4500 | ||
|---|---|---|---|
| 001 | 4696432 | ||
| 005 | 20180309090948.0 | ||
| 008 | 820428s1983 nyua 001 0 eng | ||
| 010 | _a 82008952 | ||
| 020 | _a0070399018 | ||
| 040 |
_aDLC _cDLC _dDLC |
||
| 041 | _aeng | ||
| 080 | _a621.381958 MAL | ||
| 082 | 0 | 0 |
_a621.381958 MAL _219 |
| 100 | 1 | _a27 | |
| 101 | _aMEK | ||
| 245 | 1 | 0 |
_aDigital computer electronics : _cAlbert Paul Malvino. |
| 906 |
_a7 _bcbc _corignew _d1 _eocip _f19 _gy-gencatlg |
||
| 942 |
_2ddc _cBK |
||
| 999 |
_c44629 _d44629 |
||